Els Fanals de gas : testimoni d'una època : 1842 - 1966 / Esteve Busquets i Molas ; maqueta i il·lustracions: Manuel García-Martín testimoni d'una època :
ISBN:
84-300-7726-x
Descripción Física:
163 p. : il., fot. ; 24 cm
MARC
| LEADER | 00000nam a2200000Ia 4500 | ||
|---|---|---|---|
| 001 | 20637 | ||
| 008 | 160829s1982 xx 000 0 cat d | ||
| 020 | |a 84-300-7726-x | ||
| 080 | |a FOL-3-46 | ||
| 100 | |a Busquets i Molas, Esteve |9 38538 |e autor | ||
| 245 | |a Els Fanals de gas : |b testimoni d'una època : |b 1842 - 1966 / Esteve Busquets i Molas ; maqueta i il·lustracions: |b Manuel García-Martín | ||
| 260 | |a Barcelona : |b Catalana de Gas i Electricitat S. A., |c 1982 | ||
| 300 | |a 163 p. : |b il., fot. ; |c 24 cm | ||
| 590 | |a Donació del fotògraf Eduardo Díaz Vigo, novembre 2008 | ||
| 650 | |a Enllumenat de gas |x Barcelona |9 38539 | ||
| 650 | |a Fanals |x Barcelona |9 38540 | ||
| 700 | |a García-Martín, Manuel |e il·lustrador |9 28494 | ||
| 700 | |a Catalana de Gas Electricitat |9 38550 | ||
| 901 | |a Arxiu | ||
| 942 | |n 1 |2 udc | ||
| 952 | |0 0 |1 0 |4 0 |6 FOL346 |7 1 |9 48463 |a Arxiu |b Arxiu |d 2016-12-01 |l 0 |o FOL-3-46 |p 20637 |r 2016-12-01 00:00:00 |w 2016-12-01 |y ARXIU | ||
| 999 | |c 52292 |d 52292 | ||